000 00774cam a2200205 4500
001 X126045
008 040428n2004 000 0 eng u
035 _a(Sirsi) u126045
245 _aPPS1: will it live up to its promise?
260 _c2004
490 _aGreen Places
_v(04) April 2004, (2)
520 _aPresents the views of two planning professionals on whether the draft Planning Policy Statement 1 (PPS1) will help deliver a truly sustainable community-based planning system.
650 _aPLANNING POLICY STATEMENT ONE
650 _aPLANNING POLICY GUIDANCE NOTES
650 _aPLANNING AUTHORITIES
650 _aPLANNING SYSTEM
650 _aSUSTAINABLE DEVELOPMENT
690 _aENVIRONMENTAL AND LAND CONSULTANCY-PLANNING AND DEVELOPMENT
942 _n0
999 _c74381
_d74381